[Event "Scarborough CC Spring Into Summer"]
[Site "Toronto CAN"]
[Date "2011.06.16"]
[Round "7"]
[White "Bzikot, Robert"]
[Black "Southam, David"]
[Result "0-1"]
[WhiteElo "1975"]
[BlackElo "2101"]
[PlyCount "94"]
[GameId "2160767909704763"]
[EventDate "2011.04.28"]
[EventType "swiss"]
[EventRounds "9"]
[EventCountry "CAN"]

1. e4 e6 2. d4 d5 3. Nc3 Bb4 4. e5 c5 5. a3 Bxc3+ 6. bxc3 Qc7 7. Qg4 f5 8. Qh5+ g6 9. Qh3 cxd4 10. cxd4 Qxc2 11. Bd2 Qc7 12. Rc1 Nc6 13. Bb5 Bd7 14. Ne2 Qb6 15. Bxc6 Bxc6 16. Qh4 Qd8 17. Qg3 Ne7 18. O-O Qd7 19. Nf4 Kf7 20. Qg5 Raf8 21. Qf6+ Ke8 22. Qxe6 g5 23. Qxd7+ Kxd7 24. Nh5 f4 25. Nf6+ Ke6 26. Bb4 Rf7 27. Bc5 a6 28. Bxe7 Kxe7 29. Rc5 Rd8 30. Rb1 Ke6 31. Rb3 Rxf6 32. exf6 Kxf6 33. Rc1 Re8 34. g3 Re4 35. Rd3 Bb5 36. Rd2 f3 37. h3 h5 38. Rdd1 g4 39. Rd2 Bc4 40. a4 b5 41. axb5 axb5 42. Ra1 b4 43. Rb1 b3 44. Kh2 Kf5 45. Kg1 Re2 46. Rxe2 fxe2 47. f3 Bd3 0-1

[Event "Scarborough CC Spring Into Summer"]
[Site "Toronto CAN"]
[Date "2011.06.16"]
[Round "7"]
[White "Casareno, Erwin"]
[Black "Ferreira, Alex"]
[Result "1-0"]
[WhiteElo "2164"]
[BlackElo "2093"]
[PlyCount "89"]
[GameId "2160767909704764"]
[EventDate "2011.04.28"]
[EventType "swiss"]
[EventRounds "9"]
[EventCountry "CAN"]
[SourceTitle "EXT 2022"]
[Source "ChessBase"]
[SourceDate "2021.10.06"]
[SourceVersion "1"]
[SourceVersionDate "2021.10.06"]
[SourceQuality "1"]

1. e4 Nf6 2. e5 Nd5 3. c4 Nb6 4. c5 Nd5 5. Bc4 e6 6. d4 d6 7. cxd6 cxd6 8. Nf3 Nb6 9. Bd3 Nc6 10. O-O Bd7 11. Nc3 dxe5 12. dxe5 Nb4 13. Bb1 Bc6 14. Qe2 N6d5 15. Rd1 Qb6 16. Ne4 O-O-O 17. a3 Ba4 18. Rd2 Na6 19. b4 Be7 20. Bb2 Nf4 21. Qc4+ Qc6 22. Ba2 Rxd2 23. Nfxd2 Qxc4 24. Nxc4 Kb8 25. g3 Nh3+ 26. Kf1 h5 27. Ncd6 Nc7 28. Kg2 g5 29. Kxh3 g4+ 30. Kg2 h4 31. Nxf7 Rf8 32. Ned6 Bxd6 33. exd6 h3+ 34. Kg1 Nd5 35. Bxd5 exd5 36. Be5 Bd7 37. Ng5 Rf5 38. Bf4 Kc8 39. Re1 d4 40. Rd1 Rd5 41. f3 gxf3 42. Nxf3 Bg4 43. Rc1+ Kd8 44. Ne5 Bf5 45. Rc5 1-0

[Event "Scarborough CC Spring Into Summer"]
[Site "Toronto CAN"]
[Date "2011.06.16"]
[Round "7"]
[White "Posaratnanathan, Juliaan"]
[Black "Lin, Tony (Juntao)"]
[Result "1/2-1/2"]
[WhiteElo "1902"]
[BlackElo "2023"]
[PlyCount "79"]
[GameId "2160767909704766"]
[EventDate "2011.04.28"]
[EventType "swiss"]
[EventRounds "9"]
[EventCountry "CAN"]

1. e4 c5 2. Nf3 d6 3. d4 cxd4 4. Nxd4 Nf6 5. Nc3 Nc6 6. Bg5 e6 7. Qd2 a6 8. O-O-O Bd7 9. f3 Be7 10. h4 h6 11. Be3 h5 12. Bg5 b5 13. Kb1 Qb6 14. Be3 Nxd4 15. Bxd4 Qc7 16. Bd3 b4 17. Ne2 a5 18. c3 e5 19. Bf2 Be6 20. Rc1 Qb8 21. c4 Nd7 22. f4 Nc5 23. Bxc5 dxc5 24. fxe5 Qxe5 25. Nf4 g6 26. Nd5 Bxd5 27. cxd5 O-O 28. Rce1 a4 29. Bc4 Bf6 30. Re2 a3 31. Rf1 Qd6 32. b3 Qe5 33. Kc2 Bxh4 34. Qf4 Qc3+ 35. Kb1 Bg3 36. Qe3 Qxe3 37. Rxe3 Be5 38. Rd1 Rad8 39. Kc2 Rd6 40. Bb5 1/2-1/2

[Event "Scarborough CC Spring Into Summer"]
[Site "Toronto CAN"]
[Date "2011.06.16"]
[Round "7"]
[White "Wiebe, Daniel"]
[Black "Al Ganabi, Haqi"]
[Result "0-1"]
[WhiteElo "1946"]
[BlackElo "1982"]
[PlyCount "78"]
[GameId "2160767909704768"]
[EventDate "2011.04.28"]
[EventType "swiss"]
[EventRounds "9"]
[EventCountry "CAN"]
[SourceTitle "EXT 2022"]
[Source "ChessBase"]
[SourceDate "2021.10.06"]
[SourceVersion "1"]
[SourceVersionDate "2021.10.06"]
[SourceQuality "1"]

1. e4 e6 2. Nf3 d5 3. Nc3 Nf6 4. e5 Nfd7 5. d4 a6 6. a4 c5 7. Bf4 Nc6 8. dxc5 Bxc5 9. Bd3 Qb6 10. O-O Qxb2 11. Nxd5 exd5 12. Rb1 Qa3 13. Bf5 Qxa4 14. Bg3 Ne7 15. e6 fxe6 16. Bxe6 Qc6 17. Re1 Nf6 18. Bf7+ Kd8 19. Ne5 Qa4 20. Bxd5 Nfxd5 21. Nf7+ Ke8 22. Nxh8 Kf8 23. Qh5 Qe8 24. Qxh7 Nf6 25. Qd3 Qh5 26. Re5 Bf5 27. Qc4 Bd6 28. Rxf5 Nxf5 29. Bxd6+ Nxd6 30. Qc7 Nfe8 31. Qd7 Qxh8 32. Rb3 Qh6 33. Re3 Kg8 34. h3 Qf6 35. c4 Rd8 36. Qg4 Nf5 37. Rf3 Rd1+ 38. Kh2 Qe5+ 39. g3 Qe1 0-1

[Event "Scarborough CC Spring Into Summer"]
[Site "Toronto CAN"]
[Date "2011.06.23"]
[Round "8"]
[White "Krupka, David"]
[Black "Casareno, Erwin"]
[Result "0-1"]
[WhiteElo "2019"]
[BlackElo "2164"]
[PlyCount "72"]
[GameId "2160767909704771"]
[EventDate "2011.04.28"]
[EventType "swiss"]
[EventRounds "9"]
[EventCountry "CAN"]
[SourceTitle "EXT 2022"]
[Source "ChessBase"]
[SourceDate "2021.10.06"]
[SourceVersion "1"]
[SourceVersionDate "2021.10.06"]
[SourceQuality "1"]

1. d4 d6 2. c4 g6 3. Nc3 Bg7 4. g3 Nf6 5. Nf3 c6 6. Bg2 Qc7 7. Nd2 e5 8. d5 O-O 9. O-O Nbd7 10. e4 cxd5 11. cxd5 b6 12. Nb5 Qb8 13. Nc4 Ne8 14. Bg5 a6 15. Nc3 Qc7 16. Nd2 f6 17. Be3 f5 18. f3 Nef6 19. Rc1 Qd8 20. Nc4 Ne8 21. b4 Rb8 22. a4 Ndf6 23. h3 Nh5 24. Bf2 Bh6 25. Rc2 Neg7 26. a5 b5 27. Nb6 Qg5 28. Kh2 Kh8 29. h4 Qe7 30. g4 Bf4+ 31. Kg1 Ng3 32. Ne2 Qxh4 33. Nxf4 exf4 34. gxf5 gxf5 35. Qa1 fxe4 36. Rc7 Ne2# 0-1

[Event "Scarborough CC Spring Into Summer"]
[Site "Toronto CAN"]
[Date "2011.06.23"]
[Round "8"]
[White "Southam, David"]
[Black "Picana, Andrew"]
[Result "1-0"]
[WhiteElo "2101"]
[BlackElo "2182"]
[PlyCount "103"]
[GameId "2160767909704772"]
[EventDate "2011.04.28"]
[EventType "swiss"]
[EventRounds "9"]
[EventCountry "CAN"]
[SourceTitle "EXT 2022"]
[Source "ChessBase"]
[SourceDate "2021.10.06"]
[SourceVersion "1"]
[SourceVersionDate "2021.10.06"]
[SourceQuality "1"]

1. d4 Nf6 2. Nf3 g6 3. c4 Bg7 4. Nc3 O-O 5. e4 d6 6. Be2 Nc6 7. d5 Nb4 8. O-O c5 9. a3 Na6 10. h3 Nc7 11. Bf4 Bd7 12. e5 Nfe8 13. b4 b6 14. bxc5 bxc5 15. Qd2 dxe5 16. Bxe5 Nf6 17. Rab1 Nce8 18. Rb3 Nd6 19. Bd3 Qa5 20. Rfb1 Qa6 21. Qe3 Rac8 22. a4 Rfe8 23. Nb5 Nxd5 24. cxd5 c4 25. Bxg7 Kxg7 26. Qd4+ Kg8 27. Nxd6 Qxd6 28. Bxc4 Bxa4 29. Rb7 Rc7 30. Rxc7 Qxc7 31. Ra1 Bc2 32. d6 Qxd6 33. Qxd6 exd6 34. Rxa7 d5 35. Bxd5 Rd8 36. Bxf7+ Kh8 37. Ba2 h6 38. Rc7 Bf5 39. Bb3 Rb8 40. Bc2 Bxc2 41. Rxc2 Rb6 42. Rc7 Rd6 43. g3 Rf6 44. Kg2 Re6 45. h4 Rd6 46. Ne5 Rf6 47. Rc6 Kg7 48. Rxf6 Kxf6 49. Ng4+ Kf7 50. Nxh6+ Kf6 51. Kf3 g5 52. Kg4 1-0

[Event "Scarborough CC Spring Into Summer"]
[Site "Toronto CAN"]
[Date "2011.06.30"]
[Round "9"]
[White "Ferreira, Alex"]
[Black "Krupka, David"]
[Result "1/2-1/2"]
[WhiteElo "2093"]
[BlackElo "2019"]
[PlyCount "84"]
[GameId "2160767909704774"]
[EventDate "2011.04.28"]
[EventType "swiss"]
[EventRounds "9"]
[EventCountry "CAN"]

1. e4 c6 2. d4 d5 3. e5 Bf5 4. h4 h5 5. Bd3 Bxd3 6. Qxd3 e6 7. Ne2 Ne7 8. Bg5 Qa5+ 9. Nd2 Qa6 10. Qf3 Nf5 11. c3 c5 12. Ng3 g6 13. Nxf5 gxf5 14. Qe2 cxd4 15. cxd4 Bb4 16. Rc1 Qxe2+ 17. Kxe2 Nc6 18. Kd3 Bxd2 19. Bxd2 Rg8 20. Bg5 Kd7 21. Rc3 Rac8 22. a3 Na5 23. b3 Rxc3+ 24. Kxc3 Rc8+ 25. Kb2 Nc6 26. Rd1 a5 27. Rd3 b5 28. Bd2 Rg8 29. g3 Rc8 30. b4 axb4 31. axb4 Re8 32. f3 Rg8 33. Be1 f4 34. gxf4 Rg1 35. Bf2 Rg2 36. Rd2 Nxd4 37. Kc3 Nc6 38. Rb2 Rg8 39. Kb3 Rg2 40. Rc2 Rg8 41. Ra2 Rg2 42. Rd2 Rh2 1/2-1/2

[Event "Scarborough CC Spring Into Summer"]
[Site "Toronto CAN"]
[Date "2011.06.30"]
[Round "9"]
[White "Posaratnanathan, Juliaan"]
[Black "Wu, Kevin"]
[Result "1/2-1/2"]
[WhiteElo "1902"]
[BlackElo "2137"]
[PlyCount "60"]
[GameId "2160767909704776"]
[EventDate "2011.04.28"]
[EventType "swiss"]
[EventRounds "9"]
[EventCountry "CAN"]

1. e4 c5 2. Nf3 d6 3. d4 cxd4 4. Nxd4 Nf6 5. Nc3 g6 6. Be3 a6 7. f3 b5 8. Qd2 Bb7 9. O-O-O Nbd7 10. g4 Rc8 11. h4 Ne5 12. Bh6 b4 13. Nd5 Nxd5 14. exd5 Qa5 15. Bxf8 Rxf8 16. a3 Bxd5 17. Qxb4 Qxb4 18. axb4 Bb7 19. Rg1 Nxf3 20. Nxf3 Bxf3 21. Bxa6 Rb8 22. Rd4 Kd7 23. Re1 Bc6 24. Re3 Rb6 25. Bd3 Re8 26. Rf4 Bd5 27. Be4 Be6 28. Bd3 Bd5 29. Be4 Be6 30. Bd3 Bd5 1/2-1/2

[Event "Scarborough CC Spring Into Summer U1700"]
[Site "Toronto CAN"]
[Date "2011.04.28"]
[Round "1"]
[White "Aghamalian, Leonid"]
[Black "Arjavkumar, Joshi"]
[Result "1-0"]
[WhiteElo "1484"]
[BlackElo "1100"]
[PlyCount "91"]
[GameId "2160767909704777"]
[EventDate "2011.04.28"]
[EventType "swiss"]
[EventRounds "9"]
[EventCountry "CAN"]
[SourceTitle "EXT 2022"]
[Source "ChessBase"]
[SourceDate "2021.10.06"]
[SourceVersion "1"]
[SourceVersionDate "2021.10.06"]
[SourceQuality "1"]

1. d4 d5 2. c4 c6 3. Nc3 Nf6 4. Bg5 Bf5 5. e3 Ne4 6. Bh4 f6 7. Nxe4 Bxe4 8. Qd2 dxc4 9. f3 Bd3 10. Bxd3 cxd3 11. Qxd3 e6 12. a3 Qa5+ 13. Qc3 Bb4 14. Qxb4 Qxb4+ 15. axb4 O-O 16. Ne2 Na6 17. Ra4 b5 18. Rxa6 Rfc8 19. O-O e5 20. Rc1 exd4 21. Nxd4 Re8 22. Bf2 Red8 23. Rcxc6 Rac8 24. Rxc8 Rxc8 25. Rc6 Ra8 26. Nxb5 a5 27. Nd6 axb4 28. Rc8+ Rxc8 29. Nxc8 b3 30. Ne7+ Kf7 31. Nc6 g5 32. Nd4 h5 33. Nxb3 f5 34. Nd4 f4 35. e4 g4 36. b4 Ke8 37. b5 Kd7 38. Kf1 Kd6 39. b6 Kd7 40. Ne2 g3 41. hxg3 fxg3 42. Nxg3 h4 43. Nf5 h3 44. gxh3 Kc6 45. h4 Kb7 46. h5 1-0

[Event "Scarborough CC Spring Into Summer U1700"]
[Site "Toronto CAN"]
[Date "2011.04.28"]
[Round "1"]
[White "Feng, Richard"]
[Black "Yie, Kevin Yi Xiao"]
[Result "0-1"]
[WhiteElo "1021"]
[BlackElo "1460"]
[PlyCount "86"]
[GameId "2160767909704778"]
[EventDate "2011.04.28"]
[EventType "swiss"]
[EventRounds "9"]
[EventCountry "CAN"]
[SourceTitle "EXT 2022"]
[Source "ChessBase"]
[SourceDate "2021.10.06"]
[SourceVersion "1"]
[SourceVersionDate "2021.10.06"]
[SourceQuality "1"]

1. e4 e5 2. Nf3 Nc6 3. Bc4 Nf6 4. Nc3 Bc5 5. Nxe5 Nxe5 6. d4 Nxc4 7. dxc5 b6 8. cxb6 Nxb6 9. O-O d6 10. Re1 O-O 11. Qf3 Bg4 12. Qd3 h6 13. f4 Be6 14. e5 dxe5 15. fxe5 Qxd3 16. cxd3 Nh7 17. Re4 Bf5 18. Re3 Rad8 19. Rg3 Rxd3 20. Be3 Nc4 21. Re1 Nxe3 22. Rgxe3 Rxe3 23. Rxe3 Rb8 24. b3 Kf8 25. Rf3 Be6 26. Ne4 Bd5 27. Re3 Bxe4 28. Rxe4 Ke7 29. Ra4 Rb7 30. Rg4 g5 31. Re4 Ke6 32. Re3 Rb5 33. Rc3 Rb7 34. Rc6+ Kxe5 35. Rxh6 Nf8 36. Rh8 Ne6 37. Rh7 f6 38. Rh5 Kf4 39. g3+ Kf3 40. h4 Kxg3 41. hxg5 Nxg5 42. Rh6 Rb6 43. Rh7 Re6 0-1

[Event "Scarborough CC Spring Into Summer U1700"]
[Site "Toronto CAN"]
[Date "2011.04.28"]
[Round "1"]
[White "Graham, John"]
[Black "Kaneshalingam, Mathanhe"]
[Result "1-0"]
[WhiteElo "1402"]
[BlackElo "856"]
[PlyCount "99"]
[GameId "2160767909704779"]
[EventDate "2011.04.28"]
[EventType "swiss"]
[EventRounds "9"]
[EventCountry "CAN"]
[SourceTitle "EXT 2022"]
[Source "ChessBase"]
[SourceDate "2021.10.06"]
[SourceVersion "1"]
[SourceVersionDate "2021.10.06"]
[SourceQuality "1"]

1. b3 d5 2. Bb2 Nc6 3. e3 e5 4. Bb5 Bd6 5. Nf3 Bg4 6. h3 Bxf3 7. Qxf3 Nf6 8. g4 e4 9. Qf5 Qd7 10. Qg5 O-O-O 11. Bxf6 gxf6 12. Qxd5 Be5 13. Qxd7+ Rxd7 14. Nc3 Bxc3 15. dxc3 a6 16. Bxc6 bxc6 17. Ke2 Kb7 18. Rhd1 Rxd1 19. Rxd1 Kc8 20. Rd4 Re8 21. Ra4 Kb7 22. Ra5 Kb6 23. Rf5 Re6 24. Rh5 Re5 25. Rxh7 Re7 26. Rh5 Re5 27. Rxe5 fxe5 28. h4 Kb7 29. h5 f6 30. h6 Kb8 31. h7 Ka7 32. h8=Q Kb7 33. Qxf6 Kb6 34. g5 Kb5 35. g6 Kb6 36. g7 Kb7 37. Qxe5 Kc8 38. g8=R+ Kb7 39. Qxe4 a5 40. Qa4 Kb6 41. Rb8+ Kc5 42. Qxa5+ Kd6 43. Rd8+ Ke7 44. Qg5+ Kf7 45. Rd7+ Ke6 46. Qe7+ Kf5 47. Qe8 Kg5 48. Qf8 Kg6 49. Rg7+ Kh6 50. Qh8# 1-0

[Event "Scarborough CC Spring Into Summer U1700"]
[Site "Toronto CAN"]
[Date "2011.04.28"]
[Round "1"]
[White "Krishnakumar, Agahash"]
[Black "Patel, Saiyam"]
[Result "0-1"]
[WhiteElo "688"]
[BlackElo "926"]
[PlyCount "40"]
[GameId "2160767909704780"]
[EventDate "2011.04.28"]
[EventType "swiss"]
[EventRounds "9"]
[EventCountry "CAN"]
[SourceTitle "EXT 2022"]
[Source "ChessBase"]
[SourceDate "2021.10.06"]
[SourceVersion "1"]
[SourceVersionDate "2021.10.06"]
[SourceQuality "1"]

1. d4 e6 2. c4 f6 3. Nf3 Qe7 4. Bd2 e5 5. dxe5 fxe5 6. Bg5 Nf6 7. Bd2 e4 8. Nd4 Ng4 9. e3 Qf6 10. Qxg4 Be7 11. Nb5 O-O 12. Bc3 Qxf2+ 13. Kd1 d5 14. Nxc7 Bxg4+ 15. Kc1 Qxe3+ 16. Bd2 Qf2 17. Nxa8 e3 18. Bc3 Bg5 19. Bb4 Bf5 20. Bxf8 e2+ 0-1

[Event "Scarborough CC Spring Into Summer U1700"]
[Site "Toronto CAN"]
[Date "2011.04.28"]
[Round "1"]
[White "Law, James"]
[Black "Gandhi, Vishwa"]
[Result "1-0"]
[WhiteElo "1462"]
[BlackElo "1055"]
[PlyCount "77"]
[GameId "2160767909704781"]
[EventDate "2011.04.28"]
[EventType "swiss"]
[EventRounds "9"]
[EventCountry "CAN"]
[SourceTitle "EXT 2022"]
[Source "ChessBase"]
[SourceDate "2021.10.06"]
[SourceVersion "1"]
[SourceVersionDate "2021.10.06"]
[SourceQuality "1"]

1. c4 c6 2. Nf3 d6 3. g3 e5 4. d3 h6 5. Bg2 Nf6 6. Nc3 Be6 7. O-O Be7 8. a3 a6 9. Nh4 g5 10. Nf3 Nbd7 11. Nd2 d5 12. cxd5 cxd5 13. Nf3 d4 14. Na2 Nc5 15. Nxe5 Rb8 16. b4 Nb3 17. Rb1 Nxc1 18. Nxc1 O-O 19. Nb3 Rc8 20. Bxb7 Rc7 21. Bg2 Bd6 22. Nf3 g4 23. Nfxd4 Bd7 24. Qd2 Kg7 25. Rbc1 Rxc1 26. Rxc1 Re8 27. Nc6 Qc8 28. Ne5 Qb8 29. Nxd7 Nxd7 30. Nd4 Be7 31. Nf5+ Kg8 32. Be4 Bg5 33. Nxh6+ Bxh6 34. Qxh6 Qe5 35. Rc4 Nb6 36. Bh7+ Kh8 37. Bf5+ Kg8 38. Rxg4+ Qg7 39. Qxg7# 1-0

[Event "Scarborough CC Spring Into Summer U1700"]
[Site "Toronto CAN"]
[Date "2011.04.28"]
[Round "1"]
[White "Maurer, Hans"]
[Black "Karpik, Steve"]
[Result "0-1"]
[WhiteElo "1077"]
[BlackElo "1483"]
[PlyCount "62"]
[GameId "2160767909704783"]
[EventDate "2011.04.28"]
[EventType "swiss"]
[EventRounds "9"]
[EventCountry "CAN"]
[SourceTitle "EXT 2022"]
[Source "ChessBase"]
[SourceDate "2021.10.06"]
[SourceVersion "1"]
[SourceVersionDate "2021.10.06"]
[SourceQuality "1"]

1. e4 d6 2. f4 Nf6 3. Nc3 g6 4. Bc4 Bg7 5. d3 O-O 6. h3 Nc6 7. Nf3 Bd7 8. O-O Na5 9. Qe2 Nxc4 10. dxc4 c5 11. e5 dxe5 12. Qxe5 b6 13. Qe3 e6 14. b3 Re8 15. Bb2 Bc6 16. Rad1 Qc7 17. Ne5 Nh5 18. Nxc6 Qxc6 19. Bc1 Red8 20. Ne4 Bd4 21. Rxd4 Rxd4 22. Bb2 Rxe4 23. Qf3 Rd8 24. g4 Ng7 25. Bc3 f5 26. g5 Qd7 27. Bf6 Re8 28. Rd1 Qc8 29. Qg3 Nh5 30. Qc3 Nxf4 31. Bh8 Ne2+ 0-1

[Event "Scarborough CC Spring Into Summer U1700"]
[Site "Toronto CAN"]
[Date "2011.04.28"]
[Round "1"]
[White "Ming, Wenyang"]
[Black "Guo, Tan"]
[Result "0-1"]
[WhiteElo "1209"]
[BlackElo "1538"]
[PlyCount "108"]
[GameId "2160767909704784"]
[EventDate "2011.04.28"]
[EventType "swiss"]
[EventRounds "9"]
[EventCountry "CAN"]
[SourceTitle "EXT 2022"]
[Source "ChessBase"]
[SourceDate "2021.10.06"]
[SourceVersion "1"]
[SourceVersionDate "2021.10.06"]
[SourceQuality "1"]

1. e4 d6 2. d4 Nf6 3. Nc3 g6 4. Nf3 Bg7 5. Be3 O-O 6. Qd2 Re8 7. Bc4 c6 8. O-O b5 9. Bd3 Ng4 10. a3 Nxe3 11. fxe3 e5 12. h3 a6 13. Rab1 Bb7 14. Rbd1 Nd7 15. Qf2 Qe7 16. Ng5 Rf8 17. Nf3 Rad8 18. b4 Nb6 19. Qe2 c5 20. bxc5 dxc5 21. dxe5 c4 22. Bxc4 Nxc4 23. Rxd8 Rxd8 24. a4 Nxe5 25. axb5 Nxf3+ 26. Rxf3 Bxc3 27. bxa6 Bxe4 28. Rf2 Rd2 29. Qc4 Rd1+ 30. Rf1 Rxf1+ 31. Kxf1 Qf6+ 32. Kg1 Qe5 33. a7 Kg7 34. Qa4 Ba8 35. Qf4 Qxf4 36. exf4 Bd4+ 37. Kh2 Bxa7 38. c4 Bc5 39. g3 Be4 40. h4 Bd3 41. Kh3 Bxc4 42. Kg2 f5 43. Kf3 h5 44. Kg2 Kf6 45. Kf3 Ke6 46. Kg2 Kd5 47. Kf3 Kd4 48. Kg2 Ke3 49. Kh2 Kf2 50. Kh1 Bd5+ 51. Kh2 Kf1 52. g4 Bd6 53. gxf5 Bxf4+ 54. Kh3 Bg2# 0-1

[Event "Scarborough CC Spring Into Summer U1700"]
[Site "Toronto CAN"]
[Date "2011.04.28"]
[Round "1"]
[White "Patel, Shivkumar"]
[Black "Termeer, Ted"]
[Result "0-1"]
[WhiteElo "865"]
[BlackElo "1404"]
[PlyCount "65"]
[GameId "2160767909704785"]
[EventDate "2011.04.28"]
[EventType "swiss"]
[EventRounds "9"]
[EventCountry "CAN"]
[SourceTitle "EXT 2022"]
[Source "ChessBase"]
[SourceDate "2021.10.06"]
[SourceVersion "1"]
[SourceVersionDate "2021.10.06"]
[SourceQuality "1"]

1. d4 d5 2. c3 Nf6 3. Nf3 e6 4. Bg5 Nbd7 5. e3 h6 6. Bxf6 Nxf6 7. Nbd2 c5 8. Bb5+ Bd7 9. Be2 c4 10. b3 b5 11. b4 Bd6 12. Ne5 Bxe5 13. dxe5 Nh7 14. O-O O-O 15. e4 Bc6 16. Bf3 d4 17. Nb1 d3 18. a4 a6 19. Re1 Qb8 20. a5 Qxe5 21. Qd2 Ng5 22. Qe3 Nxf3+ 23. gxf3 Qg5+ 24. Kf1 Qxe3 25. fxe3 f5 26. e5 Bxf3 27. Nd2 Be4 28. Kf2 g5 29. Nf3 Bxf3 30. Kxf3 f4 31. Rf1 fxe3+ 32. Kxe3 Rxf1 33. Rxf1 0-1

[Event "Scarborough CC Spring Into Summer U1700"]
[Site "Toronto CAN"]
[Date "2011.04.28"]
[Round "1"]
[White "Pishdad, Hassan"]
[Black "Aghamalian, Derick"]
[Result "0-1"]
[WhiteElo "1270"]
[BlackElo "1577"]
[PlyCount "72"]
[GameId "2160767909704786"]
[EventDate "2011.04.28"]
[EventType "swiss"]
[EventRounds "9"]
[EventCountry "CAN"]
[SourceTitle "EXT 2022"]
[Source "ChessBase"]
[SourceDate "2021.10.06"]
[SourceVersion "1"]
[SourceVersionDate "2021.10.06"]
[SourceQuality "1"]

1. d4 d5 2. c4 e6 3. e3 Nf6 4. Bd3 Be7 5. Nc3 c5 6. Nge2 Nc6 7. cxd5 Nxd5 8. O-O cxd4 9. Nxd5 Qxd5 10. e4 Qd6 11. a3 O-O 12. f4 Bd7 13. Qc2 Rac8 14. Qb1 h6 15. b4 Qc7 16. e5 Qb6 17. Bb2 Rfd8 18. b5 Nb8 19. Bxd4 Bc5 20. Bh7+ Kh8 21. Bxc5 Qxc5+ 22. Kh1 Bxb5 23. Qe4 Bxe2 24. Qxe2 Kxh7 25. h3 Nc6 26. Rfc1 Qe7 27. Qf2 b6 28. Qf3 Nd4 29. Qe4+ Nf5 30. Rxc8 Rxc8 31. g4 g6 32. gxf5 exf5 33. Qe3 Qb7+ 34. Kg1 Rc2 35. Qg3 Qd5 36. h4 Qd4+ 0-1

[Event "Scarborough CC Spring Into Summer U1700"]
[Site "Toronto CAN"]
[Date "2011.04.28"]
[Round "1"]
[White "Smith, Maurice"]
[Black "Rodriguez, Sergio1"]
[Result "1-0"]
[WhiteElo "1577"]
[BlackElo "1223"]
[PlyCount "93"]
[GameId "2160767909704788"]
[EventDate "2011.04.28"]
[EventType "swiss"]
[EventRounds "9"]
[EventCountry "CAN"]
[SourceTitle "EXT 2022"]
[Source "ChessBase"]
[SourceDate "2021.10.06"]
[SourceVersion "1"]
[SourceVersionDate "2021.10.06"]
[SourceQuality "1"]

1. d4 d5 2. c4 dxc4 3. Nc3 Nf6 4. Nf3 Bf5 5. Bf4 e6 6. a3 Nc6 7. e3 Na5 8. Bxc4 Ne4 9. Ba2 Nxc3 10. bxc3 Bxa3 11. Qa4+ Nc6 12. Qxa3 h6 13. O-O g5 14. Bg3 f6 15. Rad1 g4 16. Nh4 Bc2 17. Rd2 Bf5 18. Nxf5 exf5 19. Qb3 Qd7 20. Bh4 Rf8 21. Qe6+ Qxe6 22. Bxe6 Ke7 23. Ba2 a5 24. Bg3 Rad8 25. Bxc7 Rd7 26. Bb6 a4 27. Bc5+ Ke8 28. Bxf8 Kxf8 29. Rb1 Na5 30. Rdb2 Kg7 31. Rb4 f4 32. exf4 Re7 33. Kf1 Kg6 34. Rxa4 Nc6 35. d5 Nb8 36. Rab4 Na6 37. Rxb7 Re4 38. g3 Nc5 39. d6 Ra4 40. Bf7+ Kf5 41. Rc7 Nd3 42. d7 Ra2 43. Bxa2 h5 44. d8=Q Nxf4 45. Rc5+ Kg6 46. Qg8+ Kh6 47. Rb6 1-0

[Event "Scarborough CC Spring Into Summer U1700"]
[Site "Toronto CAN"]
[Date "2011.04.28"]
[Round "1"]
[White "Super, Russell"]
[Black "Xiao, Jerry"]
[Result "1-0"]
[WhiteElo "1419"]
[BlackElo "930"]
[PlyCount "61"]
[GameId "2160767909704789"]
[EventDate "2011.04.28"]
[EventType "swiss"]
[EventRounds "9"]
[EventCountry "CAN"]
[SourceTitle "EXT 2022"]
[Source "ChessBase"]
[SourceDate "2021.10.06"]
[SourceVersion "1"]
[SourceVersionDate "2021.10.06"]
[SourceQuality "1"]

1. e4 e5 2. Nf3 Nc6 3. Bb5 a6 4. Ba4 b5 5. Bb3 Nf6 6. O-O Bb7 7. Re1 Bc5 8. c3 O-O 9. d4 exd4 10. cxd4 Bb6 11. Nc3 Re8 12. h3 Nb4 13. a3 Nxe4 14. Nxe4 Bxe4 15. Ng5 d5 16. Nxe4 dxe4 17. axb4 Bxd4 18. Qc2 Qh4 19. Be3 Rad8 20. Rad1 Qf6 21. Bxd4 Rxd4 22. Rxd4 Qxd4 23. Qxc7 Rf8 24. Rd1 Qxb4 25. Rd8 Qe1+ 26. Kh2 Qb4 27. Bxf7+ Kh8 28. Qb8 h6 29. Rxf8+ Qxf8 30. Qxf8+ Kh7 31. Qg8# 1-0

[Event "Scarborough CC Spring Into Summer U1700"]
[Site "Toronto CAN"]
[Date "2011.04.28"]
[Round "1"]
[White "Vyravanathan, Sobiga"]
[Black "Farhang, Arvin"]
[Result "1/2-1/2"]
[WhiteElo "1321"]
[BlackElo "1606"]
[PlyCount "59"]
[GameId "2160767909704791"]
[EventDate "2011.04.28"]
[EventType "swiss"]
[EventRounds "9"]
[EventCountry "CAN"]
[SourceTitle "EXT 2022"]
[Source "ChessBase"]
[SourceDate "2021.10.06"]
[SourceVersion "1"]
[SourceVersionDate "2021.10.06"]
[SourceQuality "1"]

1. e4 c5 2. Nf3 e6 3. d4 cxd4 4. Nxd4 Nf6 5. Nc3 Nc6 6. Be3 Bb4 7. Bd3 Bxc3+ 8. bxc3 d5 9. exd5 Nxd5 10. Nxc6 bxc6 11. Bd4 Qg5 12. Be4 Bb7 13. Rb1 Ba6 14. Qc1 Qxc1+ 15. Rxc1 O-O 16. Bd3 Bxd3 17. cxd3 Nf4 18. Kd2 f6 19. g3 Nd5 20. Rhe1 e5 21. Bc5 Rfd8 22. Kc2 Nc7 23. d4 exd4 24. Bxd4 Nd5 25. Rb1 a5 26. a3 Rd7 27. Re6 Rc8 28. Bb6 Kf7 29. Ree1 a4 30. Re4 1/2-1/2

[Event "Scarborough CC Spring Into Summer U1700"]
[Site "Toronto CAN"]
[Date "2011.05.12"]
[Round "2"]
[White "Aghamalian, Derick"]
[Black "Super, Russell"]
[Result "1-0"]
[WhiteElo "1577"]
[BlackElo "1419"]
[PlyCount "85"]
[GameId "2160767909704792"]
[EventDate "2011.04.28"]
[EventType "swiss"]
[EventRounds "9"]
[EventCountry "CAN"]
[SourceTitle "EXT 2022"]
[Source "ChessBase"]
[SourceDate "2021.10.06"]
[SourceVersion "1"]
[SourceVersionDate "2021.10.06"]
[SourceQuality "1"]

1. e4 c5 2. Nf3 d6 3. d4 cxd4 4. Nxd4 Nf6 5. Nc3 g6 6. Be3 Bg7 7. Be2 Nc6 8. O-O a6 9. f4 O-O 10. Kh1 Qc7 11. Bf3 b5 12. Nxc6 Bb7 13. Nd4 e6 14. a3 Rfd8 15. Qd2 Rac8 16. Rad1 Nd7 17. Rfe1 Nb6 18. Be2 Nc4 19. Bxc4 Qxc4 20. Qd3 Qc7 21. Nde2 Rd7 22. Bg1 Rcd8 23. Qg3 d5 24. e5 f6 25. exf6 Bxf6 26. Nd4 Bxd4 27. Bxd4 Re8 28. Qg5 Rf7 29. Qe5 Qxe5 30. Bxe5 Bc6 31. Kg1 h5 32. g3 Kh7 33. Re3 Kh6 34. Bd6 g5 35. fxg5+ Kxg5 36. Nxd5 Rd7 37. Bf4+ Kg6 38. Nc3 Rf7 39. Rd6 Bd7 40. Ne4 Kf5 41. Nc5 Bc8 42. Re5+ Kg4 43. Kg2 1-0